000 00597cam a22002291 4500
001 sa 68019448
003 DLC
005 20260227112717.0
008 890907s1966 ii b 000 0 tamo
010 _asa 68019448
035 _a(OCoLC)20312671
040 _aDLC
_cWaU
_dDLC
042 _apremarc
050 0 0 _aPL4759
_b.R3
100 1 _aRamachandran, Govindan,
_d1926-
245 1 0 _aPir̲a mol̲ikaḷil Tamil̲ccol āṭci.
260 _c[1966]
300 _a112 p.
_c22 cm.
500 _aIn Tamil.
504 _aBibliographical footnotes.
650 0 _aTamil language
_xWords
_xHistory.
999 _c88888
_d88888